[Event "GER-chT Christmas U16 Steinitz"]
[Site "Playchess.com INT"]
[Date "2020.12.28"]
[Round "2.3"]
[White "Heemann, Jonas"]
[Black "Abed, Karim"]
[Result "0-1"]
[WhiteElo "998"]
[BlackElo "1626"]
[PlyCount "94"]
[EventDate "2020.12.28"]
[EventType "team-swiss (blitz)"]
[EventRounds "7"]
[EventCountry "GER"]
[SourceTitle "CBM 200 Extra"]
[Source "ChessBase"]
[SourceDate "2021.03.31"]
[SourceVersion "1"]
[SourceVersionDate "2021.03.31"]
[SourceQuality "1"]
[WhiteTeam "Nuernberg"]
[BlackTeam "Koenigsjaeger Sued West"]
[WhiteTeamCountry "GER"]
[BlackTeamCountry "GER"]

1. e4 c5 2. b3 d6 3. Bb2 Nc6 4. c3 g6 5. d4 cxd4 6. cxd4 Bg7 7. Nf3 Nf6 8. d5 Nb4 9. Qd2 a5 10. Bd3 0-0 11. Nc3 Bg4 12. Qe3 Rc8 13. h3 Bxf3 14. Qxf3 Nfxd5 15. Nxd5 Bxb2 16. Nxb4 Bxa1 17. 0-0 axb4 18. Rxa1 Rc3 19. Qe2 Qc7 20. Rf1 Ra8 21. Qb2 Rxd3 22. Rc1 Rc3 23. Rxc3 bxc3 24. Qc2 Rxa2 25. Qxa2 c2 26. Qa8+ Kg7 27. Qa1+ e5 28. Qc1 Qc3 29. Kf1 Qxb3 30. Ke2 Qc3 31. g3 b5 32. f4 b4 33. fxe5 dxe5 34. Qd2 Qxd2+ 35. Kxd2 b3 36. Kc1 f5 37. exf5 gxf5 38. Kb2 f4 39. gxf4 exf4 40. h4 f3 41. h5 f2 42. h6+ Kxh6 43. Ka3 c1Q+ 44. Ka4 b2 45. Kb4 b1Q+ 46. Ka4 Qc4+ 47. Ka5 Qca2# 0-1

[Event "GER-ch U18 sf Berlin Online"]
[Site "Playchess.com INT"]
[Date "2020.05.01"]
[Round "11"]
[White "Abed, Karim"]
[Black "Burian, Simon"]
[Result "0-1"]
[WhiteElo "1502"]
[BlackElo "1928"]
[PlyCount "86"]
[EventDate "2020.05.01"]
[EventType "swiss (blitz)"]
[EventRounds "13"]
[EventCountry "GER"]
[SourceTitle "CBM 195 Extra"]
[Source "ChessBase"]
[SourceDate "2020.05.31"]
[SourceVersion "1"]
[SourceVersionDate "2020.05.31"]
[SourceQuality "1"]

1. d4 Nf6 2. c4 c5 3. d5 b5 4. Qc2 bxc4 5. e4 d6 6. Bxc4 g6 7. Nf3 Bg7 8. 0-0 0-0 9. h3 a5 10. Bf4 Nbd7 11. Re1 Qb6 12. Nc3 Qb4 13. Nb5 Nh5 14. Bd2 Qxb2 15. Qxb2 Bxb2 16. Rab1 Ne5 17. Nxe5 Bxe5 18. g4 Nf4 19. Bxf4 Bxf4 20. Kg2 Bd7 21. a4 Rab8 22. Rb3 Kg7 23. Reb1 f5 24. exf5 gxf5 25. f3 fxg4 26. hxg4 h5 27. gxh5 Rf5 28. Rh1 Rh8 29. Bd3 Rfxh5 30. Rxh5 Rxh5 31. Nc3 Rh2+ 32. Kf1 Bh3+ 33. Ke1 Bd2+ 34. Kd1 Bxc3 35. Rxc3 Ra2 36. Bc2 Kf6 37. Re3 Bd7 38. Kd2 Bxa4 39. Re6+ Kf7 40. Ke3 Rxc2 41. Kf4 Rd2 42. Ke4 Bc2+ 43. Ke3 Rxd5 0-1

[Event "GER-ch U18 sf Berlin Online"]
[Site "Playchess.com INT"]
[Date "2020.05.01"]
[Round "8"]
[White "Abed, Karim"]
[Black "Rosol, Philip"]
[Result "1-0"]
[WhiteElo "1502"]
[BlackElo "1762"]
[PlyCount "129"]
[EventDate "2020.05.01"]
[EventType "swiss (blitz)"]
[EventRounds "13"]
[EventCountry "GER"]
[SourceTitle "CBM 195 Extra"]
[Source "ChessBase"]
[SourceDate "2020.05.31"]
[SourceVersion "1"]
[SourceVersionDate "2020.05.31"]
[SourceQuality "1"]

1. d4 d5 2. c4 e6 3. Nc3 Nf6 4. Bg5 Be7 5. e3 0-0 6. Nf3 h6 7. Bh4 b6 8. Bd3 dxc4 9. Bxc4 Bb7 10. 0-0 Nd5 11. Bxe7 Qxe7 12. Nxd5 exd5 13. Bd3 Nd7 14. Rc1 Rac8 15. Qa4 a5 16. Bb5 Nf6 17. Ne5 Ne4 18. Bc6 Ba6 19. Rfe1 Qh4 20. g3 Qf6 21. Rc2 Ng5 22. Bxd5 Rfd8 23. Bg2 Ne6 24. Rec1 c5 25. Nd7 Qe7 26. Nxb6 Rb8 27. Qxa5 Bd3 28. Rc3 c4 29. Nxc4 Bxc4 30. Rxc4 Rxb2 31. R4c2 Rbb8 32. Qd2 Qa7 33. Ra1 Qd7 34. a4 Qd6 35. a5 Qa6 36. Qe2 Qa7 37. a6 Rbc8 38. Qd1 Rc7 39. Rxc7 Nxc7 40. Qb1 Rd6 41. Qb7 Rxa6 42. Qxa7 Rxa7 43. Rxa7 Ne8 44. Ra8 Kf8 45. Bc6 Ke7 46. Rxe8+ Kf6 47. Bb5 Kg6 48. Kg2 f6 49. Kf3 Kg5 50. h4+ Kg6 51. Bd3+ Kf7 52. Ra8 h5 53. Ra7+ Kf8 54. Bc4 g5 55. Rh7 Ke8 56. hxg5 fxg5 57. Rxh5 Ke7 58. Rh6 Kf8 59. Rh7 g4+ 60. Kxg4 Ke8 61. Kf5 Kd8 62. Ke6 Kc8 63. Kd6 Kb8 64. Kc6 Kc8 65. Rh8# 1-0

[Event "GER-ch U18 sf Berlin Online"]
[Site "Playchess.com INT"]
[Date "2020.05.01"]
[Round "13"]
[White "Abed, Karim"]
[Black "Zhou, Lepu Coco"]
[Result "0-1"]
[WhiteElo "1502"]
[BlackElo "1679"]
[PlyCount "116"]
[EventDate "2020.05.01"]
[EventType "swiss (blitz)"]
[EventRounds "13"]
[EventCountry "GER"]
[SourceTitle "CBM 195 Extra"]
[Source "ChessBase"]
[SourceDate "2020.05.31"]
[SourceVersion "1"]
[SourceVersionDate "2020.05.31"]
[SourceQuality "1"]

1. d4 Nf6 2. c4 c5 3. d5 b5 4. Qc2 Qa5+ 5. Bd2 b4 6. e4 d6 7. Nf3 g6 8. Bd3 Bg7 9. 0-0 0-0 10. h3 Bd7 11. Bf4 Ba4 12. b3 Bd7 13. e5 Nh5 14. Bh2 Qb6 15. Nbd2 dxe5 16. Bxe5 Nf6 17. Rae1 a5 18. Ne4 a4 19. Nxf6+ Bxf6 20. Bxf6 Qxf6 21. Qe2 axb3 22. axb3 Re8 23. Qe5 Qxe5 24. Nxe5 Ra3 25. Bc2 Bf5 26. Bxf5 gxf5 27. Re3 f6 28. Rg3+ Kf8 29. Nd3 Nd7 30. Nf4 Kf7 31. Re1 Ne5 32. Ne6 Rg8 33. Rxg8 Kxg8 34. Nxc5 Kf7 35. Re3 f4 36. Re1 f3 37. g3 f5 38. Rb1 Ke8 39. Kf1 Nd7 40. Nxd7 Kxd7 41. Ke1 Ra2 42. Rd1 Kd6 43. Rd2 Ra1+ 44. Rd1 Ra2 45. Kf1 Rb2 46. Kg1 Rxb3 47. Rd2 Rc3 48. Kh2 Rxc4 49. g4 fxg4 50. hxg4 Rxg4 51. Rd3 Rg2+ 52. Kh3 Rxf2 53. Kg3 Rb2 54. Rxf3 b3 55. Rc3 Kxd5 56. Kf4 Rb1 57. Kf5 b2 58. Rf3 Rd1 0-1

[Event "GER-ch U18 sf Berlin Online"]
[Site "Playchess.com INT"]
[Date "2020.05.01"]
[Round "7"]
[White "Fock, Sana"]
[Black "Abed, Karim"]
[Result "0-1"]
[WhiteElo "1697"]
[BlackElo "1502"]
[PlyCount "50"]
[EventDate "2020.05.01"]
[EventType "swiss (blitz)"]
[EventRounds "13"]
[EventCountry "GER"]
[SourceTitle "CBM 195 Extra"]
[Source "ChessBase"]
[SourceDate "2020.05.31"]
[SourceVersion "1"]
[SourceVersionDate "2020.05.31"]
[SourceQuality "1"]

1. e4 c5 2. Nc3 Nc6 3. f4 d6 4. Nf3 g6 5. Bb5 Bg7 6. 0-0 Bd7 7. Bc4 Nf6 8. d3 0-0 9. Qe1 Rb8 10. a4 a6 11. f5 b5 12. axb5 axb5 13. Bxb5 Nb4 14. Bc4 Nxc2 15. Qh4 Nxa1 16. Ng5 gxf5 17. exf5 Bc6 18. Nd5 Bxd5 19. Bxd5 h6 20. Rf3 hxg5 21. Bxg5 Nxd5 22. Rg3 Qa5 23. Rh3 Rfe8 24. f6 exf6 25. Qh7+ Kf8 0-1